00531 2200205 4500001002100000005001500021035002000036245004700056100001300103250001500116260004200131300002500173020001800198084001600216082001000232650001800242008004100260990001200301990001200313INLIS00000000000846320251224031526 a0010-01230000041 aAneka Kerajinan dari kain pita /cErnawati aErnawati aCetakan II aYogyakarta :bNew Vita Pustaka,c2022 a80 halaman ;c21 cm. a9786235511238 a745.5 ERN a a745.5 4aSeni Dekorasi251224 g 0 ind  a022.795 a022.796